| 000 | 00652nam a2200205Ia 4500 | ||
|---|---|---|---|
| 008 | 140321s9999 xx 000 0 und d | ||
| 020 | _a9781849713412 | ||
| 050 |
_aQC 903 _b.Sm587 2013 |
||
| 100 | _aSmith, Alison | ||
| 245 | 4 |
_aThe climate bonus : _bco-benefits of climate policy / _cAlison Smith. |
|
| 260 |
_aNew York : _bRoutledge/Earthscan, _cc2013. |
||
| 300 |
_a408 p. : _bill. ; _c24 cm. |
||
| 500 | _aIncludes bibliographical references and index. | ||
| 521 | _aEDUC | ||
| 650 | _aClimate change mitigation. | ||
| 650 |
_aRestoration ecology _xEconomic aspects. |
||
| 650 | _aRestoration ecology. | ||
| 942 |
_kFOR _cBK |
||
| 999 |
_c48628 _d48628 |
||